Pensamiento estratǧico en el litigio fiscal Su aplicacin̤ para la solucin̤ de conflictos a favor del contribuyente /

Bibliographic Details
Main Author: Sǹchez Belmont, Óscar
Format: eBook
Language:Spanish
Published: Ciudad de Mx̌ico: Instituto Mexicano de Contadores Pb︢licos, 2019
Subjects:
Online Access:Acceso restringido

MARC

LEADER 00000nam a22000007a 4500
005 20190806234416.0
007 cr|||| ||||
008 190806s2019 mx |||||s|||| 00||0 spa d
020 |a 978-607-8628-47-6 
035 |a 23918 
040 |a vLex 
090 |c 9114  |d 9114 
100 1 |a Sǹchez Belmont, Óscar 
245 1 0 |a Pensamiento estratǧico en el litigio fiscal  |h [Recurso electrn̤ico] :  |b Su aplicacin̤ para la solucin̤ de conflictos a favor del contribuyente /  |c Óscar Sǹchez Belmont 
256 |a Servicio en ln̕ea 
260 |a Ciudad de Mx̌ico:  |b Instituto Mexicano de Contadores Pb︢licos,  |c 2019 
300 |a 1 recurso electrn̤ico 
500 |a La presente obra aborda temas del proceso administrativo-fiscal y visualiza la realidad en la solucin̤ de conflictos jurd̕icos entre los contribuyentes y el Estado, con el objetivo de resaltar que especialistas del derecho fiscal y administrativo han expuesto innumerables obras de estudio dogmt̀icas y han estructurado etapas procesales administrativas y fiscales, de tal forma que el lector ubica los actos de autoridad en estas materias. No obstante, solo se trata de libros estructurales inflexibles, lo cual da como resultado que la generalidad de los profesionales involucrados en resolver conflictos –en su mayora̕ complejos– entre el contribuyente y el Estado mexicano no visibilicen puntos finos y especf̕icos para resolverlos y solo busquen modelos o formatos de diferentes escritos para solucionar la controversia. Dichas obras han causado que profesionistas en la rama jurd̕ica-fiscal-administrativa carezcan de la capacidad de elaborar estrategias de litigio fiscal-administrativo y que su respuesta sea solo mediante el uso de formularios. Por tal motivo es momento que el estudiante cuente con un texto que le ayude a construir su propia estrategia a favor del contribuyente y que el resultado sea eficaz. Pensamiento estratǧico en el litigio fiscal. Su aplicacin̤ para la solucin̤ de conflictos a favor del contribuyente ofrece al lector la forma de resolver, con eficacia, puntos relevantes que se presentan en las controversias jurd̕icas de naturaleza administrativa-fiscal, abordando puntos finos de estas, sin alejarse de los principios rectores del derecho mexicano en el dogma fiscal-administrativo. Es un libro que hace posible la construccin̤ de estrategias litigiosas tomando en cuenta los puntos principales que se desprenden en un proceso fiscal-administrativo, en especial, en el juicio de resolucin̤ exclusiva de fondo. Desarrollo profesional continuo de Contadores y financieros, de manera que sea una herramienta t︢il para su desempeǫ. 
506 1 |a Disponible solo en los productos indicados  |d vLex Global  |d vLex Global (Academic Edition, excluding Law Schools)  |d vLex Global (U.S. Academic Edition, Law Schools)  |d vLex Global (U.S. Academic Edition, excluding Law Schools)  |d vLex Global (Academic Edition, Law Schools) 
650 0 4 |a Derecho Procesal  |z Mx̌ico 
650 0 4 |a Procedimiento Contencioso-Administrativo  |z Mx̌ico 
740 0 |a vLex Libros (Servicio en ln̕ea) 
856 4 0 |u http://vlex.com/source/pensamiento-estrategico-en-el-litigio-fiscal-su-aplicacion-para-la-solucion-de-conflictos-a-favor-del-contribuyente-23918  |z Acceso restringido 
942 |c BOOK 
999 0 |a Procedural Law 
999 0 |a Contentious-Administrative Procedure